Problemas sobre transferencia de calor y masa
Gorde:
| Egile Nagusiak: | , , |
|---|---|
| Formatua: | Liburua |
| Hizkuntza: | gaztelania |
| Argitaratua: |
Ciudad de México
El Manual Moderno
1979
|
| Gaiak: | |
| Etiketak: |
Etiketa erantsi
Etiketarik gabe, Izan zaitez lehena erregistro honi etiketa jartzen!
|
MARC
| LEADER | 00000nam a2200000 a 4500 | ||
|---|---|---|---|
| 001 | UCP0910 | ||
| 003 | CL-VaPUC | ||
| 008 | 990319e19790000MX |||||||||||||||||spa|d | ||
| 082 | 0 | 4 | |a 536.2 |b BAC |2 21 |
| 100 | 0 | |a Backhurst, J. R |e author |9 426570 | |
| 700 | 0 | |a Harker, J. H |e author |9 426571 | |
| 700 | 0 | |a Porter, J. E |e author |9 426572 | |
| 245 | 1 | 0 | |a Problemas sobre transferencia de calor y masa |
| 300 | |a 349 p | ||
| 942 | |c BK | ||
| 945 | |d 19990319 00:00:00 |a lriquelm | ||
| 260 | |a Ciudad de México |b El Manual Moderno |c 1979 | ||
| 650 | 0 | |a Transmisión de calor |9 259410 | |
| 650 | 0 | |a Calor específico |9 259409 | |
| 650 | 0 | |a Gases |9 260945 | |
| 650 | 0 | |a Termodinámica |9 259320 | |
| 583 | |a last modification |c 19990319 00:00:00 |k Rodrigo Vera | ||
| 999 | |c 279644 |d 279642 | ||
| 952 | |0 0 |1 0 |4 0 |6 536_200000000000000_BAC_1979 |7 0 |8 A |9 319264 |a BIBMEC |b BIBMEC |d 2019-11-20 |i 1329162 |o 536.2 BAC 1979 |p 1329162 |r 2024-01-19 |w 2019-11-20 |y BK |k MEC | ||